000 01244cam a2200349 i 4500
001 20245
003 CO-MdFUSB
005 20211120113252.0
008 161110t2012 us ||||g |||| 00| 0 eng d
020 _a978-0-8006-9883-6
040 _aCO-MdFUSB
_bEspañol
_cCO-MdFUSB
_dCO-MdFUSB
_erda
041 _aeng
082 _224
_a230.41
_bM379m
100 1 _aRussell, William R., (Editor)
245 0 0 _aMartin Luther's basic theological writings
_c/ Editado por William R. Russell
250 _aTercera edición
264 1 _aMinneapolis, Minnesota :
_bFortress Press,
_c[2012]
264 4 _c© 2012
300 _axxiii, 529 páginias
_c;
336 _2rdacontent
_atexto
_btxt
337 _2rdamedia
_asin mediación
_bn
338 _2rdacarrier
_avolumen
_bnc
501 _aRústico
504 _aIncluye índice (páginas: 525-529)
505 _aSobre la teología luterana - Sobre la lectura Luterana - Lutero y el evangelio - Lutero y los sacramentos - Lutero y la reforma - Lutero y la ética - Lutero: el hombre
600 7 _aLuther, Martin
_d(1483-1546)
_xTeología
653 _aLutheran church -- theology
653 _aIglesia Luterana -- teología
942 _cREF
945 _aEstudiante
999 _c46596
_d46596